000 02282nam a2200301 a 4500
003 CHAP
005 20260319115444.0
008 251110s2000 mx dk r 000 0 spa d
020 _a968-23-2225-1
040 _cCHAP
_aPA
_erda
041 _aspa
_bspa
_fspa
_hspa
082 _aPA 500.18
_b.B86 2000
100 _aBunge, Mario
_9140458
245 _aLa investigación científica : su estrategia y su filosofía /
_c Mario Bunge ; traducción Manuel Sacristán
250 _a2a. ed. corregida
264 _aMéxico :
_bSiglo XXI,
_c2000
300 _axvi, 805 p.
336 _2rdacontent
_atexto
_btxt
337 _2rdamedia
_asin medio
_bn
338 _2rdacarrier
_avolumen
_bnc
504 _aIncluye bibliografías
505 _aPRÓLOGO A LA PRESENTE EDICIÓN.-- UN CUENTO PARA EMPEZAR.-- CÓMO USAR ESTE LIBRO.-- PARTE I. ENFOQUE Y HERRAMIENTAS.-- PARTE I. ENFOQUE Y HERRAMIENTAS.-- 1 . EL ENFOQUE CIENTÍFICO.-- 2 . CONCEPTO.-- 3 . DILUCIDACIÓN.-- PARTE II. LAS IDEAS CIENTÍFICAS.-- 4 . PROBLEMA.-- 5. HIPÓTESIS.-- 6. LEY .-- 7. TEORÍA: ESTÁTICA.-- 8. TEORÍA: DINÁMICA.-- PARTE III. LA APLICACIÓN DE LAS IDEAS CIENTÍFICAS: DE LA EXPLICACIÓN A LA ACCIÓN.-- 9. EXPLICACIÓN.-- 10. PREDICCIÓN.-- 11. ACCIÓN.-- PARTE IV. LA CONTRASTACIÓN DE LAS IDEAS CIENTÍFICAS: DE LA OBSERVACIÓN A LA INFERENCIA.-- 12. OBSERVACIÓN.-- 13. MEDICIÓN.-- 14. EXPERIMENTO.-- 1 5. LA ÌNFERENCIA CIENTÍFICA.-- EPÍLOGO. FINES Y MEDIOS DE LA FILOSOFÍA DE LA CIENCIA.-- Bibliografía.-- SÍMBOLOS ESPECIALES.--ÍNDICE ONOMÁSTICO.-- ÍNDICE ANALÍTICO.
520 _aPartiendo de la idea de que hacer ciencia no es obrar a ciegas sino un proceso intelectual y creador asistido por medios materiales, Bunge ofrece un tratado sistemático de epistemología, que recorre el sendero íntegro de la investigación científica y examina cada etapa del ciclo de la investigación: la hipótesis de trabajo, la hipótesis corroborada o ley, el sistema hipotético-deductivo o teoría, la explicación y la predicción por medio de teorías, la acción fundada sobre la teoría y la evaluación de las ideas a la luz de los hechos.
534 _pTítulo original:
650 7 _aCiencia
_xMetodología
_923129
700 _aSacristán, Manuel, tr.
_9154990
942 _cLIBRO
_2ddc
999 _c233106
_d233106